4 Words, 1 Hidden Theme Quiz Stats

 Plays Quiz Updated Jul 17, 2019

Score 0/10 Timer 02:30
0 Plays Today
% Correct
Weapons
78.2%
Birds
77.8%
Ocean
77.3%
Girl Names
77.1%
Astronomy Terms
76.4%
Cities
74.6%
Currencies
73.9%
Mammals
72.1%
Buildings
71.8%
Bird Calls
69.2%

You're not logged in!

Compare scores with friends on all Sporcle quizzes.
OR
Log In

Sporcle TV

Today on Sporcle TV


Watch our educational content, quiz creation guides, and fun videos on Sporcle TV.

Show Comments

Extras

Top Quizzes Today


Score Distribution

Your Account Isn't Verified!

In order to create a playlist on Sporcle, you need to verify the email address you used during registration. Go to your Sporcle Settings to finish the process.

Report this User

Report this user for behavior that violates our Community Guidelines.

Details: